Vecné bremeno zriadené v prospech obce zákonom č. 66/2009 Z. z.

V nadväznosti na decentralizáciu štátnej správy na územnú samosprávnu prešiel na obce (VÚC) právnou úpravou vymedzený majetok štátu. Boli medzi ním aj stavby postavené na majetkovoprávne neusporiadaných pozemkoch. Mnohé obce, mestá tak boli vystavené závažnému problému, ktorý sa niektorým z nich z r...

Descripción completa

Guardado en:
Detalles Bibliográficos
Autor principal: Gallová, Jana
Formato: Capítulo de libro
Lenguaje:eslovaco
Materias:
Etiquetas: Agregar Etiqueta
Sin Etiquetas, Sea el primero en etiquetar este registro!

MARC

LEADER 00000naa a2200000 4500
001 0246892
005 20240722105716.8
041 0 |a slo 
044 |a SK 
245 1 0 |a Vecné bremeno zriadené v prospech obce zákonom č. 66/2009 Z. z.  |c Jana Gallová 
520 |a V nadväznosti na decentralizáciu štátnej správy na územnú samosprávnu prešiel na obce (VÚC) právnou úpravou vymedzený majetok štátu. Boli medzi ním aj stavby postavené na majetkovoprávne neusporiadaných pozemkoch. Mnohé obce, mestá tak boli vystavené závažnému problému, ktorý sa niektorým z nich z rôznych dôvodov ani dosiaľ nepodarilo vyriešiť. Predovšetkým pre rozdrobenosť pozemkov, zdĺhavosť a komplikovanosť procesu majetkovoprávneho usporiadania a nedostatok finančných prostriedkov. Vznik vecného bremena. Návrh na zápis vecného bremena do katastra nehnuteľností. 
610 2 0 |a legislatíva 
610 2 0 |a obce 
610 2 0 |a správa štátna 
610 2 0 |a stavby 
610 2 0 |a kataster nehnuteľností 
610 2 0 |a nehnuteľnosti 
610 2 0 |a bremeno vecné 
100 1 |a Gallová, Jana